Responses for show #8207 - Tuesday, April 21, 2020

Contestants

Gary Patent, a screenwriter and actor from Los Angeles, California

Sidra Condron, a marketing manager from Phoenix, Arizona

Andrew Cramer, a program manager from Seattle, Washington (whose 1-day cash winnings total $3,599)

Jeopardy! Round responses

THE FIELD MARSHAL PLAN
LEGALESE
ACHIEVEMENT UNLOCKED!
3-LETTER WORDS
LIT-POURRI
A PITCH FOR A HAPPIER MOVIE ENDING
(Alex: We would like you to name the movie.)
    $200 15
Moscow

Andrew
    $200 30
bribery

Gary
    $200 29
Starbucks

Gary
    $200 28
sap

Triple Stumper
    $200 27
Saint Nicholas

Gary
    $200 23
(Alex: Yes, with less than a minute to go.)

Lincoln

Andrew
    $400 1
(Gary: What is Austerlitz?)

Waterloo

AndrewGary
    $400 26
fraud

Gary
    $400 14
Buzz Aldrin

Andrew
    $400 25
wok

Sidra
    $400 24
an ode

Gary
    $400 22
Thelma & Louise

Andrew
    $600 2
Hapsburg

Andrew
    $600 18
slander

Sidra
    $600 13
(Andrew: What is Magellan?)

the Drake Passage

AndrewGary
    $600 10
imp

Sidra
    $600 7
Crime and Punishment

Gary
    $600 19
John Wick

Sidra
    $800 3
Rommel

Andrew
    $1,800 16
modus operandi

Andrew
    $800 11
Chagall

Gary
    $800 8
(Gary: What is a hat?)

a wig

Gary
Triple Stumper
    $800 5
Vaclav Havel

Gary
    $800 20
The Green Mile

Gary
    $1000 4
Finland

Gary
    $1000 17
trademarks

Triple Stumper
    $1000 12
a neutron

Gary
    $1000 9
a pod

Gary
    $1000 6
Proust

Gary
    $1000 21
My Girl

Gary

Scores at the first commercial break (after clue 15):

Andrew Sidra Gary
$1,800 $600 $5,600

Scores at the end of the Jeopardy! Round:

Andrew Sidra Gary
$4,200 $2,200 $8,800

Double Jeopardy! Round responses

JAMES TAYLOR: HIS LIFE & MUSIC
(Alex: ...and every clue in the category will be delivered by James Taylor himself.)
WORLD GEOGRAPHY
SILICON VALLEY
B IN THE MIDDLE
FAMOUS NAMES
AROUND THE GARDEN
    $400 20
Prince Edward Island

Andrew
    $400 24
Copernicus

Gary
    $800 14
(Sidra: What is "Fire And Rain"?)
...
(Alex: Still does; he has many.)

"You've Got A Friend"

Sidra
Triple Stumper
    $800 9
the Volga

Sidra
    $800 23
(Gary: What is coral?)

sponges

Gary
Triple Stumper
    $800 21
(Andrew: What is a rebate?)

reimburse

Andrew
Triple Stumper
    $800 12
columnists

Triple Stumper
    $800 26
[The end-of-round signal sounds.]

the sunflower

Gary
    $1200 1
(Andrew: Who is McCartney?)
(Gary: Who is Lennon?)

George Harrison

AndrewSidraGary
    $1200 3
Greenland

Andrew
    $1200 11
cement

Andrew
    $1200 17
a temblor

Triple Stumper
    $1200 8
Calamity Jane

Gary
    $2,000 25
a Venus flytrap

Gary
    $1600 2
Yo-Yo Ma

Sidra
    $1600 4
Mozambique

Andrew
    $1600 13
amethyst

Sidra
    $1600 16
a cubit

Andrew
    $1600 6
the Valley of the Kings

Gary
    $1600 19
grafting

Triple Stumper
    $2000 10
Show Boat

Gary
    $2000 5
(Sidra: What is the Persian Gulf?)

the Gulf of Aqaba

Sidra
Triple Stumper
    $1,200 18
talc

Andrew
    $2000 15
an obi

Gary
    $2000 7
Nasser

Andrew
    $2000 22
(Alex: Less than a minute now, Andrew.)

rhizomes

Triple Stumper

Scores at the end of the Double Jeopardy! Round:

Andrew Sidra Gary
$11,400 $4,600 $16,800

[wagering suggestions for these scores]

Final Jeopardy! Round responses

CONTEMPORARY AUTHORS
SidraWho is Rick Riordan?
$4,600
AndrewWho is Percy Jackson Hi Baby Bettie
$5,401
GaryWho is Rick Riordan
$6,001
Rick Riordan

Final scores:

Andrew Sidra Gary
$5,999 $9,200 $22,801
3rd place: $1,000 2nd place: $2,000 New champion: $22,801

Game dynamics:

Coryat scores:

Andrew Sidra Gary
$11,200 $4,600 $16,000
15 R
(including 2 DDs),
3 W
8 R,
2 W
22 R
(including 1 DD),
4 W

Combined Coryat: $31,800

The J! Archive is created by fans, for fans. The Jeopardy! game show and all elements thereof, including but not limited to copyright and trademark thereto, are the property of Jeopardy Productions, Inc. and are protected under law. This website is not affiliated with, sponsored by, or operated by Jeopardy Productions, Inc. Join the discussion at JBoard.tv.